• 首页
  • 本馆介绍
  • 公告通知
  • 最新文献
  • 馆藏检索
  • 电子资源
  • 读者导购
  • 参考咨询
  • 我的图书馆
  • 登录
  • 详细信息显示
  • 放入我的书架
  • 预约/预借图书
  • 作者相关作品
  • 分类相关作品
  • 丛书相关作品
  • 出版社相关作品

书目信息

  • 表格格式
  • 工作单格式
  • 卡片格式
题名:
王阳明领导力心法
    
 
作者: 度阴山 著
分册:  
出版信息: 南京   江苏凤凰文艺出版社  2021.06
页数: 312页
开本: 22cm
丛书名:
单 册:
中图分类: B248.25
科图分类:
主题词: 心学--xin xue--研究--中国--明代
电子资源:
ISBN: 978-7-5594-5854-4
000 00902nam0 2200253 450
001 CAL 0120217189961
005 20230217093112.0
010    @a978-7-5594-5854-4@dCNY52.00
100    @a20210730d2021 em y0chiy0120 ea
101 0  @achi
102    @aCN@b320000
105    @aa z 000yy
106    @ar
200 1  @a王阳明领导力心法@Awang yang ming ling dao li xin fa@f度阴山著
210    @a南京@c江苏凤凰文艺出版社@d2021.06
215    @a312页@c图@d22cm
314    @a度阴山, 中国人民大学史学硕士, 知名历史作家, 当世阳明心学领军人。
330    @a本书主要内容包括: 追随你的良知, 别人才有可能追随你、树立权威, 你人先正视你的职位、用知行合一取得他人的认同等。
600  0 @a王守仁,@Awang shou ren@f1472-1528@x心学@x研究
606 0  @a心学@Axin xue@x研究@y中国@z明代
690    @aB248.25@v5
701  0 @a度阴山@Adu yin shan@4著
801  0 @aCN@bBJXHZP@c20230228
905    @b1407491-4@dB248.25@e110@f4
    
    王阳明领导力心法/度阴山著.-南京:江苏凤凰文艺出版社,2021.06
    312页:图;22cm
    
    
    ISBN 978-7-5594-5854-4:CNY52.00
    本书主要内容包括: 追随你的良知, 别人才有可能追随你、树立权威, 你人先正视你的职位、用知行合一取得他人的认同等。
●
相关链接 在E读中查询图书 在五车中查询图书 在当当中查询图书 在豆瓣中查询图书


正题名:王阳明领导力心法     索取号:B248.25/110         预约/预借

序号 登录号 条形码 馆藏地/架位号 状态 备注
1 1407491   214074918   第一样本阅览室/ [索取号:B248.25/110] 在馆    
2 1407492   214074927   第一借阅区/ [索取号:B248.25/110] 在馆    
3 1407493   214074936   第一借阅区/ [索取号:B248.25/110] 在馆    
4 1407494   214074945   第一借阅区/ [索取号:B248.25/110] 在馆    
唐山师范学院图书馆 欢迎您!
大连网信软件有限公司© 版权所有